<?xml version="1.0" encoding="UTF-8"?>
<record
    xmlns:xsi="http://www.w3.org/2001/XMLSchema-instance"
    xsi:schemaLocation="http://www.loc.gov/MARC21/slim http://www.loc.gov/standards/marcxml/schema/MARC21slim.xsd"
    xmlns="http://www.loc.gov/MARC21/slim">

  <leader>00741naa a2200157 i 4500</leader>
  <controlfield tag="001">9795</controlfield>
  <controlfield tag="003">KOSZ 005</controlfield>
  <controlfield tag="005">20180412112417.0</controlfield>
  <controlfield tag="008">180410s1994    pl     f f   |000 0 pol</controlfield>
  <datafield tag="040" ind1=" " ind2=" ">
    <subfield code="c">KOSZ 005/HR</subfield>
    <subfield code="a">KOSZ 005/HR</subfield>
  </datafield>
  <datafield tag="100" ind1="1" ind2=" ">
    <subfield code="a">CZAPP, Marian.</subfield>
    <subfield code="d">1982 - 1996.</subfield>
    <subfield code="b">Wy&#x17C;sza Szko&#x142;a In&#x17C;ynierska w Koszalinie - Wydzia&#x142; Mechaniczny,</subfield>
    <subfield code="c">Zak&#x142;ad Termodynamiki i Ch&#x142;odnictwa</subfield>
  </datafield>
  <datafield tag="245" ind1="1" ind2="0">
    <subfield code="a">Oznaczanie ciep&#x142;a spalania i warto&#x15B;ci opa&#x142;owej paliw /</subfield>
    <subfield code="c">Marian Czapp.</subfield>
  </datafield>
  <datafield tag="650" ind1=" " ind2="0">
    <subfield code="a">Termodynamika techniczna.</subfield>
  </datafield>
  <datafield tag="773" ind1="0" ind2=" ">
    <subfield code="i">W :</subfield>
    <subfield code="t">Materia&#x142;y pomocnicze do &#x107;wicze&#x144; laboratoryjnych z podstaw techniki cieplnej / pod red. Mariana Czapp. - </subfield>
    <subfield code="d">Koszalin : Wydaw. Uczelniane Wy&#x17C;szej Szko&#x142;y In&#x17C;ynierskiej, 1994. -</subfield>
    <subfield code="g">s. 252-278.</subfield>
  </datafield>
  <datafield tag="942" ind1=" " ind2=" ">
    <subfield code="c">ROZ</subfield>
    <subfield code="2">UKD</subfield>
  </datafield>
  <datafield tag="999" ind1=" " ind2=" ">
    <subfield code="c">9795</subfield>
    <subfield code="d">9795</subfield>
  </datafield>
</record>
